| 000 | 00765nam a2200241 a 4500 | ||
|---|---|---|---|
| 001 | 68600 | ||
| 003 | BD-RjUL | ||
| 005 | 20211209081805.0 | ||
| 008 | 170404s1960 mauad 000 0 eng d | ||
| 035 | _a(BD-RjUL) 68810 | ||
| 040 |
_aBD-RjUL _beng _cBD-RjUL _dBD-RjUL |
||
| 041 | _aeng | ||
| 082 |
_223 _a551.6 _bCLI 1960 |
||
| 245 | 0 | 0 |
_aClimatic change : _bevidence, causes and effects / _cedited by Harlow Shapley . |
| 260 |
_aCambridge, Mass. : _bHarvard University Press, _cc1953. |
||
| 300 |
_axii, 318 p. : _bill. ; _c25 cm. |
||
| 504 | _aIncludes bibliographical references & index. | ||
| 650 | 0 |
_aClimatology. _9203341 |
|
| 650 | 0 |
_aClimatic changes. _9203342 |
|
| 700 | 1 |
_aShapley, Harlow, _d1885-1972. _9203343 |
|
| 942 |
_2ddc _cBK |
||
| 999 |
_c68600 _d68600 |
||